Регионална библиотека "Любен Каравелов" - Русе

Петко Стайнов (Запис номер 63641)

MARC детайли
000 -Лидер
Контролно поле с фиксирана дължина 01572nam a2200397 c 4500
003 - Код на организацията, давaща контролен номер
Контролно поле BLK
005 - Дата и час на последна редакция
Контролно поле 20250124111533.0
008 - Елементи от данни с фиксирана дължина
fixed length control field 180408b bul|||||r ||||||| ||bul||
010 ## - Наследен системен номер
LC control number KNG00067881000
040 ## - Източник на каталожния запис
Идентификатор на билиотеката - собственик на записа BLK
041 ## - Код за език
Код за езика на текст/звукозапис или на отделно заглавие Български
Код за езика КДБФ Български
080 ## - УДК
Текстов определител УДК Музиканти-творци, композитори
УДК код - определител по УДК 78.071.1
УДК определител (497.2)(092)
УДК - код + определител 78.071.1(497.2)(092)
080 ## - УДК
Текстов определител УДК Български композитор
УДК код - определител по УДК 929 Стайнов, Петко Груев
УДК определител
УДК - код + определител 929 Стайнов, Петко Груев
100 1# - Редна дума - Автор
Автор Богданов, Антон
Авторска отговорност първи автор
R(LIN) 291538
139 ## - Редно поле
Редна дума Богданов, Антон
Авторски знак Стаи - С 62
245 10 - Сведения за заглавието
Заглавие Петко Стайнов
Редно поле (дума) Антон Богданов.
257 ## - Страна на издаване
Страна на създаване/издаване България
260 ## - Област на издателските данни
-- София
Година на издаване 1952
300 ## - Физическа характеристика
Страници 24 с.
Размери/Мащаб 17 см
380 ## - Жанр
Жанр Изкуство
490 1# - СЕРИИ (Колекции)
Име на серия В помощ на слушателя
500 ## - Общи забележки
Забележка Изд. на КНИК и Софийска държ. филхармония.
600 #0 - Име на лице, използвано като предмет
За него / За нея Стайнов, Петко Груев
Свързани дати (1896-1977)
Друга информация Бълг. композитор
9 (RLIN) 376683
650 #4 - Допълнително описание по предмет – тема
Основно описание – тема или топоним Композитори, български - биографии
9 (RLIN) 261390
650 #4 - Допълнително описание по предмет – тема
Основно описание – тема или топоним Стайнов, Петко Груев
9 (RLIN) 291539
653 ## - Ключова дума – ненормативна
Ключова дума Петко Стайнов
653 ## - Ключова дума – ненормативна
Ключова дума български композитори
653 ## - Ключова дума – ненормативна
Ключова дума биографии
653 ## - Ключова дума – ненормативна
Ключова дума България
852 ## - Местоположение
Форматна сигнатура Цб І 12698
856 4# - Електронен адрес и достъп
Електронен формат pdf - файл
Път до файла /url/
856 4# - Електронен адрес и достъп
Електронен формат pdf - файл
Път до файла /url/
942 ## - АРТИКУЛИ
Вид на библиотечния материал Книги
Скрит в OPAC Не
944 ## - СЪЗДАВАНЕ И РЕДАКЦИЯ на ЗАПИСА
Създаване/Редакция Създаване
Дата на регистрацията/редакция 24.08.2006
Служител, извършил регистрацията/редакцията 30550
Статус, дата на статуса Кети Илиева
944 ## - СЪЗДАВАНЕ И РЕДАКЦИЯ на ЗАПИСА
Създаване/Редакция Редакция
Дата на регистрацията/редакция 06.06.2012
Служител, извършил регистрацията/редакцията
999 ## - СИСТЕМНИ КОНТРОЛНИ НОМЕРА
Koha biblionumber 63641
Koha biblioitemnumber 63641
Наличности
Код за отписване Код за изгубен артикул Източник на класификационната схема Код за повреда Коз за рестрикции Код за отдаване Артикулен № Име на библиотеката - собственик Име на библиотеката, в която се намира в момента Статус (Текущо местоположение) Дата на вписване в системата Местоположение - отдел Цена в лева Инвентарен номер Систематично азбучна сигнатура Баркод Номер на екземпляра Цена в евро Служебна бележка Служебен тип на артикула
Изтеглен Не е изгубен Universal Decimal Classification Не е повреден без рестрикции заемане за дома 105364 Регионална библиотека "Любен Каравелов" Русе Регионална библиотека "Любен Каравелов" Русе Отдел Изкуство - подръчен фонд 2006-08-24 Отдел Изкуство - подръчен фонд 2.00 120000704984 ИП 78.071.1(497.2)(092)/С 62 120000704984 1 1.02 Дост: DA Вид: А N: 15 Дата: 24.08.2006 Книги
  Не е изгубен Universal Decimal Classification Не е повреден без рестрикции ползва се в читалня 105365 Регионална библиотека "Любен Каравелов" Русе Регионална библиотека "Любен Каравелов" Русе Хранилище 1952-01-01 Основен фонд - ползва се само за читалня 0.20 110750 Цб І 12698 120000110750 2 0.10 Дост: Dp Вид: Д N: стар фонд Дата: 01.01.1952 Книги
Изтеглен Не е изгубен Universal Decimal Classification Не е повреден без рестрикции ползва се в читалня 105366 Регионална библиотека "Любен Каравелов" Русе Регионална библиотека "Любен Каравелов" Русе Отдел Изкуство - читалня 1952-01-01 Отдел Изкуство - читалня 1.00 665316 И 78.071.1(497.2)(092)/С 62 665316 3 0.51 Дост: Pk Вид: Ф N: стар фонд Дата: 01.01.1952 Дата инв: 19.06.2012 Бележки инв: * Книги
Vip Innovations Ltd, Rousse, Bulgaria 2025